Aquí escomienza el duelo

Sparad:
Bibliografiska uppgifter
Huvudupphovsman: Berceo, Gonzalo de, 13th cent
Materialtyp: Elektronisk E-bok
Språk:spanska
Publicerad: Barcelona : www.Linkgua.com, 2011.
Serie:Diferencias (Linkgua Ediciones)
Digitalia eBook Collection: Linkgua.
Ämnen:
Länkar:Digitalia Hispánica
Taggar: Lägg till en tagg
Inga taggar, Lägg till första taggen!

MARC

LEADER 00000nam a2200000Ia 4500
001 DIGLINK0084
003 NyNyDIG
006 m d
007 cr |||||||||||
008 130501s2011 sp o 000 0 spa
020 |a 9788498971200 (electronic bk.) 
020 |a 8498971209 (electronic bk.) 
020 |z 9788498162417 (pbk.) 
040 |a DGITA  |b eng  |e pn  |c DGITA 
050 4 |a PQ6397 ebook 
100 1 |a Berceo, Gonzalo de,   |d 13th cent.  
245 1 0 |a Aquí escomienza el duelo   |h [electronic resource] /  |c Gonzalo de Berceo. 
260 |a Barcelona :  |b www.Linkgua.com,  |c 2011.   |e (New York, NY. :  |f Digitalia Inc,   |g 2012). 
300 |a 1 online resource (39 p.) 
490 1 |a Diferencias. 
500 |a Previously published: "Aquí escomienza el duelo que fizo la virgen María el día de la pasión de su fijo Jesuchristo". Poetas castellanos anteriores al siglo XV. Coleccion hecha por don Tomas Antonio Sanchez, continuada por el ecelentísimo señor don Pedro José Pidal, y considerablemente aum. é ilustrada, á vista de los códices y manuscritos antiguos, por don Florencio Janer. Madrid, M. Rivadeneyra, 1864. (p. 131-136). 
506 |a Access restricted to subscribing institutions. 
655 0 |a Electronic books. 
791 2 |a Digitalia (Firm),  |e distributor. 
830 0 |a Diferencias (Linkgua Ediciones) 
830 0 |a Digitalia eBook Collection: Linkgua. 
856 4 0 |3 Digitalia Hispánica  |u https://digitalia.unach.elogim.com/a/13693/